Vplyv deformácie membrány na akustické vlastnosti reproduktora
Saved in:
| Main Author: | |
|---|---|
| Other Authors: | |
| Format: | Manuscript Book |
| Language: | Slovak |
| Published: |
2022
|
| Subjects: | |
| Online Access: | http://is.stuba.sk/zp/portal_zp.pl?podrobnosti=164617 |
| Tags: |
No Tags, Be the first to tag this record!
|
MARC
| LEADER | 00000ntm a22000003a 4500 | ||
|---|---|---|---|
| 001 | stuzp90912 | ||
| 003 | SK-STU | ||
| 005 | 20220611214103.7 | ||
| 007 | ta | ||
| 008 | 150427s2015----xo-----f-mn---000-0-slo-d | ||
| 040 | |a STU |b slo | ||
| 041 | 0 | |a slo | |
| 100 | 1 | |a Hamran, Marek |u 020010 |k Z4 |4 aut |U SjF Strojnícka fakulta |T SjF Ústav aplikovanej mechaniky a mechatroniky |X 93050 |U J0010 |Y 801 |7 93050 | |
| 242 | 0 | 1 | |a Effect of diaphragm deformation on loudspeaker acoustic properties |y eng |
| 245 | 1 | 0 | |a Vplyv deformácie membrány na akustické vlastnosti reproduktora |
| 260 | |c 2022 | ||
| 650 | 4 | |a deformácia |2 slo | |
| 650 | 4 | |a frekvencia |2 slo | |
| 650 | 4 | |a membrána |2 slo | |
| 650 | 4 | |a reproduktor |2 slo | |
| 650 | 4 | |a vlastný tvar kmitania |2 slo | |
| 650 | 4 | |a deformation |2 eng | |
| 650 | 4 | |a frequency |2 eng | |
| 650 | 4 | |a diaphragm |2 eng | |
| 650 | 4 | |a loudspeaker |2 eng | |
| 650 | 4 | |a natural mode od oscillation |2 eng | |
| 700 | 1 | |a Šulko, Miroslav |u 020010 |k Z1 |4 ths |U SjF Strojnícka fakulta |T SjF Ústav aplikovanej mechaniky a mechatroniky |X 2207 |U J0010 |Y 801 |7 A000002207 | |
| 856 | 4 | |u http://is.stuba.sk/zp/portal_zp.pl?podrobnosti=164617 | |